000 00630nam a2200241Ia 4500
003 OSt
005 20220918200724.0
006 a|||||r|||| 00| 0
007 ta
008 220917b |||||||| |||| 00| 0 eng d
024 _a90,011
037 _cTextual
040 _aARTS
_cARTS
_beng
041 _2eng
_aeng
082 _aU8.44974, N0
100 _aPaterson D
_995303
245 0 _aNepal
_b the montains of heaven ed by Carole Mcglynn
260 _aLondon
_bHamish
_c1990
300 _a176p.
_ccm.
650 _aGEOGRAPHY
942 _hU8.44974, N0
_cTEXL
_2CC
999 _c213680
_d213680